| 000 | 00341nam a2200097Ia 4500 | ||
|---|---|---|---|
| 008 | 220120s9999||||xx |||||||||||||| ||und|| | ||
| 100 |
_aKeerthan, Malathi, Manu and Rizwan _912665 |
||
| 245 | 0 | _aDesign and analysis of multilevel parking system for two whe | |
| 260 |
_aCoorg Institute of Technology _bPonnampet _c2017 |
||
| 650 | _aCOMPUTER SCIENCE | ||
| 999 |
_c138264 _d138264 |
||